000 00963nam a2200253 i 4500
001 bg
100 1 _aConder, Josiah
_d(1852-1920).
245 1 0 _aKwiaty Japonii i sztuka kompozycji kwiatowych /
_cJosiah Conder ; przekł. Ireneusz Kania ; rekomendacja Hieronim St. Kreis.
246 1 0 _iTyt. oryg. :
_aFlowers of Japan and the art of floral arrangement
260 _aKraków :
_bTowarzystwo Autorów i Wydawców Prac Naukowych "Universitas",
_ccop. 2007.
300 _a174, [2] s., LIV k. tabl. :
_bil. (w tym kolor.) ;
_c35 cm.
500 _aTyt. oryg.: "Flowers of Japan and the art of floral arrangement" 1891.
650 9 _aIkebana
700 1 _aKania, Ireneusz
_d(1940- ).
_eTł.
700 1 _aKreis, Hieronim Stanisław
_d(1954- ).
_eKoment.
020 _a9788324206452
040 _cBPK
041 1 _apol
_heng
044 _aPOL
080 _a745.9(520)
920 _a978-83-242-0645-2
942 _cKS
008 s pl f |000 0 pol
999 _c56036
_d56036
856 _uhttp://koha.tu.koszalin.pl/cgi-bin/koha/opac-detail.pl?biblionumber=56036
_yKatalog online BPK